000 00358nam a2200133Ia 4500
008 240112s1954 FEB xx 000 0 und d
022 _a54-609
041 _aeng
082 _a618.92705
100 _aCASSESS D.E.
245 _aPEDIATRIC CLINICS OF NORTH AMERICA: CARDIOVASCULAR DISEASES
260 _bSAUNDERS W.B.
_c1954 FEB
300 _a279,HB
_cFEB
999 _c1141474
_d1141474